000 01099pam a2200361 a 4500
999 _c607
_d607
001 015493900
003 Uk
005 20190904101735.0
008 100218r20101960enk 000 1 eng d
015 _aGBB030242
_2bnb
016 7 _a015493900
_2Uk
020 _a9780099549482 (pbk.) :
020 _a0099549484 (pbk.) :
040 _aStDuBDS
_beng
_cStDuBDS
_dUk
042 _aukblcatcopy
082 _aFIC LEE
100 1 _aLee, Harper.
_eauthor
245 1 0 _aTo kill a mockingbird /
_cHarper Lee.
250 _a50th anniversary ed.
260 _aLondon :
_bArrow,
_c2010.
300 _a309 p. ;
_c18 cm.
336 _atext
_2rdacontent
337 _aunmediated
_2rdamedia
338 _avolume
_2rdacarrier
500 _aOriginally published: London: William Heinemann, 1960.
500 _aFormerly CIP.
_5Uk
650 0 _aAfrican Americans
_zSouthern States
_vFiction.
650 0 _aTrials (Rape)
_zSouthern States
_vFiction.
650 0 _aLawyers
_zSouthern States
_vFiction.
651 0 _aSouthern States
_vFiction.
942 _2ddc
_cFIC